Matemática financiera /

Guardado en:
Autor Principal: Tajani, Miguel M
Formato: Libro
Publicado: Buenos Aires : Cesarini, 1963
Materias:
Etiquetas: Agregar Etiqueta
Sin Etiquetas, Sea el primero en etiquetar este registro!
LEADER 00441nam a22001575a 4500
001 CEM.cems006180
008 130507s1963##################000#0#####d
005 20241204100406.0
245 1 0 |a Matemática financiera / 
260 |a Buenos Aires :  |b Cesarini,  |c 1963 
300 |a 263 p. 
100 1 |a Tajani, Miguel M 
082 0 4 |a 511.8 
653 |a Matematica 
653 |a Matematica financiera 
859 |a CEMS  |b BIB. CEMS - 11 de abril  |h 511.8  |i T139  |p 1117.73  |t Ej.1